Algeria : Staff Report for the 2013 Article IV Consultation.

This Informational Annex highlights that data provision in Algeria has some shortcomings, but is broadly adequate for surveillance. Data are published with a delay of less than one month. Key shortcomings in government finance statistics include insufficient institutional coverage, classification pr...

Celý popis

Podrobná bibliografie
Korporativní autor: International Monetary Fund. Middle East and Central Asia Dept
Médium: Časopis
Jazyk:English
Vydáno: Washington, D.C. : International Monetary Fund, 2014.
Edice:IMF Staff Country Reports; Country Report ; No. 2014/032
On-line přístup:Full text available on IMF
LEADER 01927cas a2200241 a 4500
001 AALejournalIMF014194
008 230101c9999 xx r poo 0 0eng d
020 |c 5.00 USD 
020 |z 9781475566215 
022 |a 1934-7685 
040 |a BD-DhAAL  |c BD-DhAAL 
110 2 |a International Monetary Fund.  |b Middle East and Central Asia Dept. 
245 1 0 |a Algeria :   |b Staff Report for the 2013 Article IV Consultation. 
264 1 |a Washington, D.C. :  |b International Monetary Fund,  |c 2014. 
300 |a 1 online resource (56 pages) 
490 1 |a IMF Staff Country Reports 
500 |a <strong>Off-Campus Access:</strong> No User ID or Password Required 
500 |a <strong>On-Campus Access:</strong> No User ID or Password Required 
506 |a Electronic access restricted to authorized BRAC University faculty, staff and students 
520 3 |a This Informational Annex highlights that data provision in Algeria has some shortcomings, but is broadly adequate for surveillance. Data are published with a delay of less than one month. Key shortcomings in government finance statistics include insufficient institutional coverage, classification problems, long lags for production of statistics, and lack of reconciliation of financing with the monetary accounts. Key factors behind these weaknesses include the lack of financial resources allocated to the compilation of statistics, insufficient interagency coordination, and concern about accuracy that give rise to reluctance to publish provisional data. Monetary statistics compiled by the authorities are largely in line with the methodology in the 2000 Monetary and Financial Statistics Manual and its companion 2008Compilation Guide. 
538 |a Mode of access: Internet 
830 0 |a IMF Staff Country Reports; Country Report ;  |v No. 2014/032 
856 4 0 |z Full text available on IMF  |u http://elibrary.imf.org/view/journals/002/2014/032/002.2014.issue-032-en.xml  |z IMF e-Library